000
00318nam a2200109Ia 4500
008
171204s9999 xx 000 0 und d
245
_a
Afterimages: Photography and U.S. Foreign Policy:
245
_c
Liam Kennedy
260
_c
2016
650
_x
PHOTOJOURNALISM
856
_u
http://down.ebook777.com/036/022633726X.pdf
999
_c
346172
_d
346172